书目信息 |
| 题名: |
锅驼机的构造和使用
|
|
| 作者: | 徐邦彦 编 | |
| 分册: | ||
| 出版信息: | 北京 科学技术出版社 1958 |
|
| 页数: | ||
| 开本: | ||
| 丛书名: | 农业机械丛书 | |
| 单 册: | ||
| 中图分类: | S22 | |
| 科图分类: | ||
| 主题词: | 农业机械 , 中小农具 | |
| 电子资源: | ||
| ISBN: | ||
| 000 | 00619nam0 2200229 450 | |
| 001 | 0657598703 | |
| 005 | 20060523160216.71 | |
| 010 | @dCNY0.36 | |
| 091 | @a15119.819 | |
| 100 | @a20060523d1958 km y0chiy0120 ea | |
| 101 | 0 | @achi |
| 102 | @aCN@b110000 | |
| 200 | 1 | @a锅驼机的构造和使用@Aguo tuo ji de gou zao he shi yong@f徐邦彦等编@Fxu bang yan deng bian |
| 210 | @a北京@c科学技术出版社@d1958 | |
| 225 | 2 | @a农业机械丛书 |
| 410 | 0 | @12001 @a农业机械丛书 |
| 606 | 0 | @a农业机械 |
| 606 | 0 | @a中小农具 |
| 690 | @aS22@v3 | |
| 701 | 0 | @a徐邦彦@Axu bang yan@4编 |
| 801 | 0 | @aCN@bPFT@c20060523 |
| 905 | @a10447@dS22@e3 | |
| 锅驼机的构造和使用/徐邦彦等编.-北京:科学技术出版社,1958 |
| (农业机械丛书) |
| ISBN :CNY0.36 |
| ● |
| 相关链接 |
|
|
|
|
正题名:锅驼机的构造和使用
索取号:S22/3
 
预约/预借
| 序号 | 登录号 | 条形码 | 馆藏地/架位号 | 状态 | 备注 |
| 1 | 0018092 | 202370861 | 密集书库/ [索取号:S22/3] | 在馆 |